01596nam a2200373Ia 4500001001200000003000800012006001900020007001500039008004100054010001700095020004200112020002700154040002100181035002100202050002500223082002400248100002300272245011900295260003800414300001900452490005000471504005100521533015200572650005200724650002300776650008300799650005600882650004400938655002900982710001701011830005101028856012601079999001701205ebr10350126CaPaEBRm u cr cn|||||||||090803s2009 vtua sb 001 0 eng d z 2009030060 z9781409400295 (hardback : alk. paper) z9780754698791 (e-book) aCaPaEBRcCaPaEBR a(OCoLC)64687145614aPR658.T7bR55 2009eb04a822/.05120935382221 aRieger, Gabriel A.10aSex and satiric tragedy in early modern Englandh[electronic resource] :bpenetrating wit /cby Gabriel A. Rieger. aBurlington, VT :bAshgate,c2009. a147 p. :bill.1 aStudies in performance and early modern drama aIncludes bibliographical references and index. aElectronic reproduction.bPalo Alto, Calif. :cebrary,d2011.nAvailable via World Wide Web.nAccess may be limited to ebrary affiliated libraries. 0aEnglish drama (Tragedy)xHistory and criticism. 0aSex in literature. 0aEnglish dramayEarly modern and Elizabethan, 1500-1600xHistory and criticism. 0aEnglish dramay17th centuryxHistory and criticism. 0aSatire, EnglishxHistory and criticism. 7aElectronic books.2local2 aebrary, Inc. 0aStudies in performance and early modern drama.40uhttp://site.ebrary.com/lib/rucke/Doc?id=10350126zAn electronic book accessible through the World Wide Web; click to view c28987d28987